Computer applications in second language acquisition (0 521 62646 3)
Đã lưu trong:
| 主要作者: | |
|---|---|
| 格式: | 圖書 |
| 語言: | Undetermined |
| 出版: |
Cambridge
2001
|
| 標簽: |
添加標簽
沒有標簽, 成為第一個標記此記錄!
|
| Thư viện lưu trữ: | Trung tâm Học liệu Trường Đại học Cần Thơ |
|---|
| LEADER | 00426nam a2200145Ia 4500 | ||
|---|---|---|---|
| 001 | CTU_49312 | ||
| 008 | 210402s9999 xx 000 0 und d | ||
| 082 | |a 401.93 | ||
| 082 | |b C462 | ||
| 100 | |a CAROL A CHAPELLE | ||
| 245 | 0 | |a Computer applications in second language acquisition (0 521 62646 3) | |
| 245 | 0 | |c CAROL A CHAPELLE | |
| 260 | |b Cambridge | ||
| 260 | |c 2001 | ||
| 980 | |a Trung tâm Học liệu Trường Đại học Cần Thơ | ||